Govt. of
Madhya Pradesh

Normal view MARC view

Entry Personal Name

Number of records used in: 1

001 - CONTROL NUMBER

  • control field: 82013

003 - CONTROL NUMBER IDENTIFIER

  • control field: OSt

005 - DATE AND TIME OF LATEST TRANSACTION

  • control field: 20231105122553.0

008 - FIXED-LENGTH DATA ELEMENTS

  • fixed length control field: 231105|| aca||aabn | a|a d

040 ## - CATALOGING SOURCE

  • Original cataloging agency: OSt
  • Transcribing agency: OSt

100 ## - HEADING--PERSONAL NAME

  • Personal name: नितिन सिंघनिया

670 ## - SOURCE DATA FOUND

  • Source citation: Work cat.: (OSt)66316: नितिन सिंघनिया, भारतीय कला एवं संस्‍कृति ( सिविल सेवा एवं अन्‍य प्रतियोगी परीक्षाओं के लिए ) चतुर्थ संस्‍करण 2022- 23, 2023